00467nam a2200181 a 4500001001300000003000900013005001700022008004100039020000800080082001500088245001900103260005000122300000800172500003500180505001500215650002200230710003300252nice12345678IN_TiNIC20260116012552.0050524s1952 alla grp 000 0 urd  ac100a269.2bNIC aRaah-E-Zindagi aAllahabadbNorth India Christian Tractsc1952 a36p aincludes index and biblioraphy2 aRoman Urdu aEvangelistic Work2 aNorth India Christian Tracts